000 02322cam a2200361 i 4500
001 19372967
003 OSt
005 20250610114831.0
008 161114s2018 iau 000 0 eng
010 _a 2016051732
020 _a9789355320056
040 _aDLC
_beng
_cDLC
_erda
_dDLC
042 _apcc
050 0 0 _aHG3881
_b.E655 2018
082 0 0 _a658.1599
_bEUN/I
100 1 _aEun, Cheol S.
_eauthor.
_99321
245 1 0 _aInternational financial management /
_cCheol S. Eun, Georgia Institute of Technology, Bruce G. Resnick, Wake Forest University.
250 _aEighth Edition.
250 _aIndian Edition
264 1 _aDubuque :
_bMcGraw-Hill Education,
_c[2018]
300 _axxii, 549 pages ;
_c29 cm
336 _atext
_btxt
_2rdacontent
337 _aunmediated
_bn
_2rdamedia
338 _avolume
_bnc
_2rdacarrier
500 _aRevised edition of the authors' International financial management, [2015]
505 0 _aFoundations of international financial management -- Globalization and the multinational firm -- International monetary system -- Balance of payments -- Corporate governance around the world -- The foreign exchange market, exchange rate determination, and currency derivatives -- The market for foreign exchange -- International parity relationships and forecasting foreign exchange rates -- Futures and options on foreign exchange -- Management of economic exposure -- Management of translation exposure -- World financial markets and institutions -- International banking and money market -- International bond market -- International equity markets -- Interest rate and currencyêswaps -- International portfolio investment -- Financial management of the multinational firm -- Foreign direct investment and cross-border acquisitions -- International capital structure and the cost of capital -- International capital budgeting -- Multinational cash management -- International trade finance -- International tax environment and transfer pricing -- Glossary -- Index.
650 0 _aInternational finance.
650 0 _aInternational business enterprises
_xFinance.
650 0 _aForeign exchange.
650 0 _aFinancial institutions, International.
700 1 _aResnick, Bruce G.,
_eauthor.
942 _2ddc
_cBK
_h658.1599
_iEUN/I
_k658.1599
_mEUN/I
999 _c44514
_d44514